Famous Marys Quiz - Statistics

General Stats
  • This quiz has been taken 23,535 times
    18,277 since last reset
  • The average score is 9 of 17
Answer Stats
Famous Mary Clue % Correct
Magical nanny Mary Poppins
94%
Tomato juice and vodka cocktail Bloody Mary
93%
She washed Jesus's feet Mary Magdalene
76%
Twin who starred in Full House Mary-Kate Olsen
74%
Nickname for marijuana Mary Jane
70%
Wrote Frankenstein Mary Shelley
67%
R&B singer Mary J. Blige
66%
Desperate football pass Hail Mary
60%
How does your garden grow? Mary, Mary, Quite Contrary
60%
Big wheel keep on turnin' / … … keep on burnin' Proud Mary
58%
Cosmetics brand sold by women in Pink Cadillacs Mary Kay
49%
Lincoln's first lady (maiden name) Mary Todd
36%
Namesake of a 1970's sitcom Mary Tyler Moore
36%
Won gymnastics gold in 1984 Mary Lou Retton
28%
Silent actress who married Douglas Fairbanks Mary Pickford
21%
Star of Weeds Mary-Louise Parker
20%
Founder of Christian Science Mary Baker Eddy
10%
No matching quizzes found
Score Distribution
Percent of People with Each Score
Percentile by Number Answered
Your Score History
You have not taken this quiz since the last reset